| 000 | 00599nam a2200181 i 4500 | ||
|---|---|---|---|
| 001 | 30726 | ||
| 003 | ES-MaACL | ||
| 005 | 20230906154237.0 | ||
| 007 | t| | ||
| 008 | 030127s1944 sp ||||1| spa d | ||
| 100 | 1 |
_aBell, Aubrey F. G. _927172 |
|
| 245 | 1 | 3 |
_aEl Renacimiento español / _cAubrey F. G. Bell ; traducción y prólogo de Eduardo Juliá Martínez]. |
| 250 | _a[1ª ed.]. | ||
| 260 |
_aZaragoza : _bEditorial Ebro, _c1944 ( _fHeraldo de Aragón) |
||
| 300 |
_aXXVIII, 402 p., 40 lám. ; _c23 cm. |
||
| 700 | 1 |
_aJuliá Martínez, Eduardo. _967238 |
|
| 852 |
_aES-MaACL _jF-16167 _bR.20946 |
||
| 999 |
_c30726 _d30726 |
||